The faerie queene /

Bibliographic Details
Main Author: Spenser, Edmund, 1552?-1599
Other Authors: Hamilton, A. C. (Albert Charles), 1921-
Format: Book
Language:English
Published: London ; New York : Longman, 1977.
Edition:3d ed.
Series:Longman annotated English poets.

MARC

Tag First Indicator Second Indicator Subfields
LEADER 00000pam a2200000 i 4500
001 in00000307539
005 20151010151315.0
008 770531s1977 enk b 00010 eng
010 |a  77002738  
020 |a 0582481066 :  |c 25.00 
035 |a (OCoLC)03072673 
035 |9 ABH9424AM 
040 |a DLC  |c DLC  |d TXA  |d UtOrBLW 
049 |a TXAM  |c [976985] 
050 0 0 |a PR2358.A3  |b H27 1977 
082 0 |a 821/.3 
100 1 |a Spenser, Edmund,  |d 1552?-1599. 
245 1 4 |a The faerie queene /  |c Edmund Spenser ; edited by A. C. Hamilton. 
250 |a 3d ed. 
264 1 |a London ;  |a New York :  |b Longman,  |c 1977. 
300 |a xiii, 753 pages ;  |c 25 cm. 
336 |a text  |b txt  |2 rdacontent 
337 |a unmediated  |b n  |2 rdamedia 
338 |a volume  |b nc  |2 rdacarrier 
490 1 |a Longman annotated English poets 
504 |a Bibliography: pages 745-753. 
700 1 |a Hamilton, A. C.  |q (Albert Charles),  |d 1921- 
830 0 |a Longman annotated English poets. 
999 |a MARS 
999 f f |s afdbb350-d754-329d-b011-6afee5d972c4  |i b2e33aa3-1bcc-38de-8376-e5107deec12a  |t 0 
952 f f |p normal  |a Texas A&M University  |b College Station  |c Sterling C. Evans Library  |d Evans: Library Stacks  |t 0  |e PR2358.A3 H27 1977  |h Library of Congress classification  |i unmediated -- volume  |m A14803885618 
998 f f |a PR2358.A3 H27 1977  |t 0  |l Evans: Library Stacks